000
00246nam a2200097Ia 4500
001
709188
005
20250826162542.0
008
250824s9999 xx 000 0 und d
245
0
_a
GİZEMLİ MAĞARA
_c
DURAN ÇETİN
260
_b
ATLIKARINCA YAYINLARI
999
_c
709188
_d
709188